Ask me another

Detalles Bibliográficos
Formato: Electrónico Periódico
Lenguaje:inglés
Publicado: Washington, District of Columbia : National Public Radio
Materias:
Acceso en línea:Full text available from Research Library: 05/04/2012 to present

MARC

LEADER 00000nas a2200000 i 4500
001 ssj0001068225
003 WaSeSS
005 20200512172242.0
006 m d
007 cr n
008 131212c20uu9999dcuw| n|s|||||| |0eng d
035 |a (WaSeSS)ssj0001068225 
040 |a WaSeSS  |b eng  |c WaSeSS  |d WaSeSS 
050 1 4 |a AG305 
245 0 0 |a Ask me another  |h [electronic resource]. 
260 |a Washington, District of Columbia :  |b National Public Radio 
310 |a Weekly 
506 |a License restrictions may limit access. 
588 |a Description based on: May 4, 2012; title from title screen (ProQuest, viewed Dec. 11, 2013). 
588 |a Latest issue consulted: December 6, 2013 (viewed Dec. 11, 2013). 
650 0 |a Questions and answers  |v Newspapers. 
655 0 |a Electronic journals. 
856 4 0 |z Full text available from Research Library: 05/04/2012 to present  |u https://search.proquest.com/publication/1686346